[Event "17ème open international de Saint-Affriq"]
[Site "Saint Affrique"]
[Date "2009.07.24"]
[Round "8.15"]
[White "Van Elst, Andreas"]
[Black "Mania, Clement"]
[Result "1/2-1/2"]
[WhiteElo "2288"]
[BlackElo "2020"]
[PlyCount "74"]
[EventDate "2009.??.??"]

1. d4 f5 2. Nc3 Nf6 3. Bg5 c6 4. Qd2 d5 5. f3 Nbd7 6. e4 fxe4 7. fxe4 Nxe4 8.
Nxe4 dxe4 9. Bc4 Nf6 10. Ne2 Bf5 11. O-O Qd7 12. Ng3 Bg6 13. Rae1 O-O-O 14. c3
e5 15. Rxf6 gxf6 16. Bxf6 Bg7 17. Bxd8 Rxd8 18. Nxe4 exd4 19. Qf4 Qc7 20. Qxc7+
Kxc7 21. Nc5 Kb6 22. Ne6 Re8 23. cxd4 Bxd4+ 24. Kf1 Bxb2 25. Re3 Ka5 26. Rb3 b5
27. Rxb2 bxc4 28. Nc5 Re5 29. Nd7 Bd3+ 30. Kf2 Rf5+ 31. Ke3 c3 32. Rb3 c2 33.
Rc3 Rf1 34. Nc5 Kb4 35. Kd4 Bg6 36. Rb3+ Ka5 37. Nb7+ Ka6 1/2-1/2